| 000 | 00683pam a2200241 a 4500 | ||
|---|---|---|---|
| 001 | 563575 | ||
| 005 | 20171221081759.0 | ||
| 008 | 891113s1990 paua b 001 0 eng c | ||
| 010 | _a 89013618 | ||
| 020 | _a0397507224 | ||
| 040 |
_aDNLM/DLC _cDLC _dDLC |
||
| 041 | _aeng | ||
| 060 | _aWW 475 E975 | ||
| 080 | _a617.71 GOL | ||
| 082 | 0 | 0 |
_a617.71 GOL _220 |
| 100 | _a8 | ||
| 101 | _aOFT | ||
| 245 | 0 | 4 |
_aThe Eye in systemic disease / _cedited by Daniel H. Gold, Thomas A. Weingeist. |
| 504 | _aIncludes bibliographical references and index. | ||
| 906 |
_a7 _bcbc _corignew _d1 _eocip _f19 _gy-gencatlg |
||
| 942 |
_2ddc _cBK |
||
| 999 |
_c39274 _d39274 |
||